000 00815nas a2200265 4500
001 BR9101222
003 BR-BrBNA
005 20231205091955.0
007 ta
008 230509b bl.|||p| |||| 00| 00por d
040 _aBR-BrBNA
_bpor
_cBiblioteca Nacional de Agricultura
041 _a(Pt)
072 _aF06
100 1 _aLoureiro, B.T.
100 1 _aMachado, P.B.
100 1 _aDeniculi, W.
100 1 _aFerreira, P.A.
245 1 _aEfeito de diferentes laminas de agua sobre a produtividade do feijoeiro-comum (Phaseolus vulgaris L.)
_bParte de tese
650 _aFEIJAO
650 _aPRODUTIVIDADE
650 _aIRRIGACAO
773 0 _tRevista Ceres (Brazil)
_xISSN 0034-737X
_g(May-Jun 1990), v. 37(211) p. 215-226
_wBR9101222
909 _a202311
_bLúcia
_c55
_dLúcia Elande
942 _2AGRIS
_n0
_cANA
999 _c128460
_d128460